Michael Faraday and the royal institution

Gardado en:
Detalles Bibliográficos
Autor Principal: Thomas, John Meurig
Formato: Libro
Idioma:Undetermined
Publicado: New York Adam Hilger 1991
Những chủ đề:
Các nhãn: Engadir etiqueta
Sen Etiquetas, Sexa o primeiro en etiquetar este rexistro!
Thư viện lưu trữ: Trung tâm Học liệu Trường Đại học Cần Thơ
LEADER 00491nam a2200181Ia 4500
001 CTU_82919
008 210402s9999 xx 000 0 und d
082 |a 530 
082 |b T454 
100 |a Thomas, John Meurig 
245 0 |a Michael Faraday and the royal institution 
245 0 |c John Meurig Thomas 
260 |a New York 
260 |b Adam Hilger 
260 |c 1991 
650 |a Faraday,Physics 
904 |i Qhieu(sửa) 
980 |a Trung tâm Học liệu Trường Đại học Cần Thơ